000 00668nam a2200253 i 4500
001 C2-0329021
003 PPAK
005 20180728130202.0
008 141120s2014 my |||| ||||| | may d
040 _aPPAK
_beng
_cPPAK
_erda
082 0 4 _a899.231
_223
090 0 0 _a899.231
_bAMI
_dKK
100 0 _aAmirul Ariffi Hamzah,
_eauthor
245 1 0 _aPuisi siswa
264 1 _aKuala Lumpur :
_bDewan Siswa ,
_c2014
300 _a1 pages ;
_c30 cm.
336 _2rdacontent
_atext
337 _2rdamedia
_aunmediated
338 _2rdacarrier
_avolume
500 _aArtikel (Siswa - Oktober 2014)
650 1 0 _aMalay poetry.
700 _eauthor
942 _ddc
_cB
999 _c128286
_d128286